Aspectos Estilísticos de Língua Portuguesa

Salvato in:
Dettagli Bibliografici
Autore principale: Villanova, José Brasileiro
Natura: Libro
Lingua:Undetermined
Pubblicazione: Recife, Brasil Editora Universitaria 1984
Edizione:3
Soggetti:
Tags: Aggiungi Tag
Nessun Tag, puoi essere il primo ad aggiungerne!!

MARC

LEADER 00000nam a2200000Ia 4500
008 170316s9999 xx 000 0 und d
999 |c 19682  |d 19682 
040 |a cru BVZT 
090 |a 415-P V-1a 
100 |a Villanova, José Brasileiro 
245 |a Aspectos Estilísticos de Língua Portuguesa 
250 |a 3 
260 |a Recife, Brasil 
260 |b Editora Universitaria 
260 |c 1984 
300 |a 198 páginas 
650 |a GRAMÁTICA PORTUGUESA 
942 |c 15 D  |h 415-P V-1a  |2 z